000
nam a22 7a 4500
999
_c
331227
_d
331227
003
NUST
005
20170922112121.0
008
170922b xxu||||| |||| 00| 0 eng d
040
_c
NUST
082
_a
302.2
100
_a
Zahid, Shehzil
_9
4826
245
_a
Love Online (LOL)
260
_a
Islamabad
_c
2017
300
_a
56p,
942
_2
ddc
_c
TH